000 00628nam a22001937a 4500
005 20251108164933.0
008 250721s1990 xx 000 0 ara d
082 1 4 _a211.2/عثم
100 1 _aعثمان، حسني شيخ
245 1 0 _aحق التلاوة :
_bكتاب منهجي تطبيقي لتعلم تجويد القرآن و تعليمه على رواية حفص عن "عاصم" /
250 _aط9.
264 _bالمؤلف،
_c1990.
300 _a256ص
650 1 7 _aالقرآن الكريم
650 1 7 _aتجويد القرآن
650 1 7 _aتلاوة القرآن
942 _2ddc
_cBK
999 _c17894
_d17894